A theory of history /

Bibliographic Details
Main Author: Heller, Ágnes
Format: Book
Language:English
Published: London ; Boston : Routledge & Kegan Paul, 1982.
Subjects:

MARC

Tag First Indicator Second Indicator Subfields
LEADER 00000pam a2200000 a 4500
001 in00000099214
005 20200404063150.0
008 810803s1982 enk b 00010 eng
010 |a  81012173  
020 |a 0710090102 :  |c $25.00 
035 |a (OCoLC)07732057 
035 |9 AAL0089AM 
039 0 |a 2  |b 3  |c 3  |d 3  |e 3 
040 |a DLC  |c DLC  |d TXA  |d UtOrBLW 
049 |a TXAM  |c [1562108] 
050 0 0 |a D13  |b .H4145 1982 
100 1 |a Heller, Ágnes. 
245 1 2 |a A theory of history /  |c Agnes Heller. 
264 1 |a London ;  |a Boston :  |b Routledge & Kegan Paul,  |c 1982. 
300 |a viii, 333 pages ;  |c 23 cm. 
336 |a text  |b txt  |2 rdacontent 
337 |a unmediated  |b n  |2 rdamedia 
338 |a volume  |b nc  |2 rdacarrier 
504 |a Includes bibliographical references. 
650 0 |a Historiography. 
650 0 |a History  |x Philosophy. 
999 |a MARS 
999 f f |s 144fd1da-a218-3624-b40e-3731398873cf  |i c18be3dc-51ea-36ce-8163-ef4b240d51e7  |t 0 
952 f f |p normal  |a Texas A&M University  |b College Station  |c Sterling C. Evans Library  |d Evans: Library Stacks  |t 0  |e D13 .H4145 1982  |h Library of Congress classification  |i unmediated -- volume  |m A14806294882 
998 f f |a D13 .H4145 1982  |t 0  |l Evans: Library Stacks